15 Most Populous Cities in Oceania - Statistics

General Stats
  • This quiz has been taken 249 times
  • The average score is 12 of 15
Answers on the Map
Answers color-coded by a green-red scale on the quiz's map according to % correct below.
 
Answer Stats
Population City % Correct
5,130,000 Sydney
99%
4,850,000 Melbourne
96%
410,000 Wellington
96%
1,660,000 Auckland
95%
2,040,000 Perth
95%
440,000 Port Moresby
90%
1,330,000 Adelaide
88%
2,410,000 Brisbane
87%
450,000 Canberra
85%
400,000 Christchurch
82%
350,000 Suva
79%
650,000 Gold Coast
69%
570,000 Newcastle
48%
340,000 Sunshine Coast
35%
330,000 Central Coast
20%
No matching quizzes found
Score Distribution
Percent of People with Each Score
Percentile by Number Answered
Your Score History
You have not taken this quiz